Sensors and Actuators B: Chemical

Saved in:
Bibliographic Details
Format: Serial
Published: 1994
Tags: Add Tag
No Tags, Be the first to tag this record!

MARC

LEADER 00000nas a22000003a 4500
001 stu69739
005 20141121233800.7
008 011106s1994----------------------------d
040 |a STU  |b slo 
041 0
245 |a Sensors and Actuators B: Chemical 
260 |c 1994 
500 |a 1994 
500 |a 18 
500 |a 1-3 
773 0 |t Sensors and Actuators B: Chemical  |w stu_us_cat*stu60277  |x 0925-4005  |7 nnas 
996 |d Vol. B18, 1994  |v Vol. B18  |y 1994  |l EE0103  |s A  |a 24  |w stu69739_0001